The informal economy in the shadow of the state. /
Se presenta la opinión de los autores sobre las políticas que abordan la economía informal comparando los países del primer mundo con los del tercer mundo.
Zapisane w:
| 1. autor: | |
|---|---|
| Kolejni autorzy: | |
| Format: | Texto |
| Wydane: |
Estados Unidos:
The Pennsylvania State University Press.
|
| Hasła przedmiotowe: | |
| Etykiety: |
Dodaj etykietę
Nie ma etykietki, Dołącz pierwszą etykiete!
|
MARC
| LEADER | 00000 a a2200000 04500 | ||
|---|---|---|---|
| 001 | 45723 | ||
| 003 | |||
| 040 | |||
| 020 | |a 0-271-02751-9 | ||
| 100 | |a Centeno, Miguel Angel | ||
| 222 | |a The informal economy in the shadow of the state. | ||
| 245 | |a The informal economy in the shadow of the state. / |c Miguel Angel Centeno ; Alejandro Portes | ||
| 260 | |a Estados Unidos: |b The Pennsylvania State University Press. | ||
| 520 | |a Se presenta la opinión de los autores sobre las políticas que abordan la economía informal comparando los países del primer mundo con los del tercer mundo. | ||
| 650 | |a ECONOMIA | ||
| 650 | |a ECONOMIA INFORMAL | ||
| 650 | |a POLITICA | ||
| 650 | |a POLITICA NEOLIBERAL | ||
| 650 | |a AMERICA LATINA | ||
| 700 | |a Portes, Alejandro | ||
| 773 | |g número1 ( ) | ||
| 999 | |c 34198 |d 34198 | ||
